000 00617 a2200181 4500
999 _c8087
_d8087
010 _aENG-88284
020 _c55.00
035 _aEN-71817
037 _bDBAD / PUB
082 1 4 _a306
100 _aRai, Rumina
245 1 _aIntroduction to culture studies:
_cby Rumina Rai [and] Kishwar Panna
_bas per BMM syllabus of Mumbai University/
260 _aNew Delhi
_bHimalaya Publishing House
_c2006
270 _a"Pooja Apartments", 4-B, Murari Lal Street, Ansari Road, Darya Ganj,
_bNew Delhi
_e110 002
300 _a93p.
_c22cm ( pbk)
700 _aPanna, Kishwar
942 _adpl
_cEN
_2ddc
_h306
_mRAI